Histoire du drapeau de la Géorgie - Statistiques

Statistiques générales
  • Ce quiz a été pris 65 fois
    14 depuis la dernière actualisation
  • Le résultat moyen est 11 sur 24
Statistiques - réponses
Hint Réponse % Correct
Géorgie (drapeau actuel depuis 1992)
100%
Séleucides (-330 - -63)
71%
Deuxième drapeau de l'empire Russe (1858-1896)
71%
République démocratique de Géorgie (1918-1921) et République de Géorgie (1991-1992)
71%
Empire romain (-63 - 395)
71%
Califat Abbassides (786-813)
71%
Empire Byzantin (395-588)
71%
Principauté de Svanétie (1463-1858)
57%
Royaume de Géorgie (1008-1490)
57%
République fédérative démocratique de Transcaucasie (1918)
57%
Royaume d'Iméréthie (1455-1810)
43%
Royaume de Kakhétie (1465-1762)
43%
Deuxième drapeau de la république socialiste soviétique de Géorgie (1936-1951)
43%
Royaume de Kartl-Kakhétie (1762-1801)
43%
Achéménides (-559 - -330)
43%
Troisième drapeau de la république socialiste soviétique de Géorgie (1951-1991)
43%
Premier drapeau de l'empire Russe (1867-1858), troisième drapeau de l'empire Russe (1896-1917) et république russe (1917)
43%
Principauté de Mingrélie (1557-1867)
43%
République socialiste fédérative soviétique de Transcaucasie (1922-1936)
29%
Principauté de Gourie (1460-1829)
29%
Principauté d'Ibérie (588-786 et 813-891) et royaume des Kartvèles (891-1008)
29%
Premier drapeau de la république socialiste soviétique de Géorgie (1921-1922)
14%
Royaume de Karthli (1490-1762)
0%
Principauté d'Abkhazie (1463-1864)
0%
Aucun quiz correspondant
Distribution des résultats
% des personnes avec chaque résultat
Percentile par nombre de réponses
Votre historique - résultats
Vous n’avez pas pris ce quiz depuis la dernière actualisation